Statistics for Presidents, Parties and Years

Click here to take the quiz!

General Stats

  • This quiz has been taken 18 times
  • The average score is 42 of 46

Answer Stats

No.PartyYearsPresident% Correct
17Democratic1865-1869Andrew Johnson
100%
44Democratic2009-20017Barack Obama
100%
23Republican1889-1893Benjamin Harrison
100%
42Democratic1993-2001Bill Clinton
100%
45Republican2017-2021Donald Trump
100%
34Republican1951-1963Dwight Eisenhower
100%
32Democratic1933-1945Franklin D. Roosevelt
100%
41Republican1989-1993George H.W Bush
100%
1Independent1789-1797George Washington
100%
43Republican2001-2009George W. Bush
100%
38Republican1974-1977Gerald Ford
100%
33Democratic1945-1953Harry Truman
100%
4Democratic-Republican1809-1817James Madison
100%
5Democratic-Republican1817-1825James Monroe
100%
39Democratic1977-1981Jimmy Carter
100%
46Democratic2021-Joe Biden
100%
2Federalist1797-1801John Adams
100%
35Democratic1961-1963John F. Kennedy
100%
6Democratic-Republican1825-1829John Quincy Adams
100%
10Whig1841-1845John Tyler
100%
36Democratic1963-1969Lyndon Johnson
100%
37Republican1969-1974Richard Nixon
100%
40Republican1981-1989Ronald Reagan
100%
26Republican1901-1909Theodore Roosevelt
100%
3Democratic-Republican1801-1809Thomas Jefferson
100%
18Republican1869-1877Ulysses Grant
100%
9Whig1841William Henry Harrison
100%
12Whig1849-1850Zachary Taylor
100%
16Repulblican1861-1865Abraham Lincoln
89%
7Democratic1829-1837Andrew Jackson
89%
30Republican1923-1929Calvin Coolidge
89%
15Democratic1857-1861James Buchanan
89%
11Democratic1845-1849James Polk
89%
8Democratic1837-1841Martin Van Buren
89%
13Whig1850-1853Millard Fillmore
89%
27Republican1909-1913William Howard Taft
89%
28Democratic1913-1921Woodrow Wilson
89%
24Democratic1893-1897Grover Cleveland
78%
22Democratic1885-1889Grover Cleveland
78%
31Republican1929-1933Herbert Hoover
78%
20Republican1881James Garfield
78%
25Republican1897-1901William McKinley
78%
21Republican1881-1885Chester Arthur
67%
14Democratic1853-1857Franklin Pierce
67%
19Republican1877-1881Rutherford Hayes
67%
29Republican1921-1923Warren Harding
56%

Score Distribution

Percentile by Number Answered

Percent of People with Each Score

Your Score History

You have not taken this quiz